Taxation : Finance Act 2013 (Record no. 35235)

MARC details
000 -LEADER
fixed length control field 00514nam a2200193Ia 4500
020 ## - INTERNATIONAL STANDARD BOOK NUMBER
ISBN 9780273789260
050 ## - CALL MARK
Classification number KM 335 .M4/
100 ## - STATEMENT OF RESPONSIBILITY--MAIN AUTHOR NAME
Personal name Melville, Alan
245 #0 - TITLE STATEMENT
Title Taxation : Finance Act 2013
250 ## - EDITION / VOLUME STATEMENT
Edition / Volume statement 19th ed.
260 ## - PUBLICATION, DISTRIBUTION, ETC. (IMPRINT)
Place of publication Boston
260 ## - PUBLICATION, DISTRIBUTION, ETC. (IMPRINT)
Name of publisher Pearson
260 ## - PUBLICATION, DISTRIBUTION, ETC. (IMPRINT)
Year of publication 2014
300 ## - PHYSICAL DESCRIPTION
Number of Pages 610 p
650 ## - SUBJECT ADDED ENTRY--TOPICAL TERM
Topical Term Great Britain. Finance Act. Taxation--Law and legislation--England--Problems, exercises, etc.
942 ## - ADDED ENTRY ELEMENTS (KOHA)
Koha item type Books
Holdings
Withdrawn status Lost status Source of classification or shelving scheme Damaged status Not for loan Permanent Location Current Location Shelving location Date acquired Accession Number Price effective from Koha item type
    Library of Congress Classification     NILE UNIVERSITY OF NIGERIA - MAIN LIBRARY NILE UNIVERSITY OF NIGERIA - MAIN LIBRARY Items on shelf 04/23/2025 0011302 04/23/2025 Books